000 004640000a22001810004500
003 MACL
005 20150920120831.0
008 150920b xxu||||| |||| 00| 0 eng d
040 _aMACL
_cMACL
041 _aEnglish
082 _a891/KUA
100 _aKuanr, Durga Charan
_99486
245 _aMayadhar Mansinha
_bMakers Of Indian Literature
260 _bSahitaya Academy
_c1993
_aNew Delhi
350 _a15
650 _aLiterature
_912318
942 _cBK
_k891
_2ddc
999 _c3361
_d3361